000 00319nam a2200133Ia 4500
008 240112s1969 xx 000 0 und d
041 _aeng
082 _a616.4205
100 _aCHURG J.
245 _aTHE NEW ENGLAND JOURNAL OF MEDICINE
260 _bBYBEE J.D.
_c1969
300 _a1490,HB
_c(1-26)
440 _v281
999 _c1140863
_d1140863